|
|
|
|
| LEADER |
00000nas a2200000 a 4500 |
| 001 |
ssj0005288 |
| 003 |
WaSeSS |
| 005 |
20200512172242.0 |
| 006 |
m d |
| 007 |
cr n |
| 008 |
980910c19uu9999coumx pss | a0eng |
| 010 |
|
|
|a 2012203198
|
| 016 |
7 |
|
|a 9882415
|2 DNLM
|
| 016 |
7 |
|
|a SR0058431
|2 DNLM
|
| 022 |
|
|
|a 2168-8680
|y 0164-8497
|
| 035 |
|
|
|a (WaSeSS)ssj0005288
|
| 037 |
|
|
|b Active Interest Media, Inc., 2520 55th Street, Suite 210, Boulder, CO 80301-5736
|
| 040 |
|
|
|a FQM
|b eng
|c FQM
|d OCLCQ
|d FTUBL
|d DLC
|d WEA
|d OCLCQ
|d OCLCF
|d VT2
|d OCLCQ
|d Z5A
|d OCLCO
|d OCLCA
|d BUF
|d OCLCO
|d UUM
|d OCLCO
|d CUY
|d OCLCO
|d MOW
|d AU@
|d OCLCO
|d WYU
|d OCLCO
|d OCLCA
|d WaSeSS
|
| 042 |
|
|
|a pcc
|a nsdp
|
| 050 |
1 |
4 |
|a TX1
|b .V422
|
| 082 |
1 |
0 |
|a 613.2
|2 15
|
| 210 |
0 |
|
|a Veg. times
|b (Online)
|
| 222 |
|
0 |
|a Vegetarian times
|b (Online)
|
| 245 |
0 |
0 |
|a Vegetarian times
|h [electronic resource].
|
| 260 |
|
|
|a New York :
|b Vegetarian Life & Times
|
| 260 |
3 |
|
|3 <2012-> :
|a Boulder, CO :
|b Active Interest Media, Inc.
|
| 310 |
|
|
|a 10 issues a year,
|b July/Aug. 2004-
|
| 321 |
|
|
|a Monthly,
|b <Sept./Oct. 1981>-June 2004
|
| 321 |
|
|
|a Bimonthly,
|b <Nov./Dec. 1978->
|
| 506 |
|
|
|a License restrictions may limit access.
|
| 515 |
|
|
|a Volume numbering added with issues <2010->.
|
| 538 |
|
|
|a Mode of access: World Wide Web. Host: www.searchbank.com/searchbank/lcmlm̲ain.
|
| 588 |
|
|
|a Description based on: Issue 255 (Nov. 1998); title from table of contents pg. (Proquest.com, viewed July 23, 2012).
|
| 588 |
|
|
|a Latest issue consulted: Issue 395, vol. 38, no. 7 (July/Aug. 2012) (viewed July 23, 2012).
|
| 650 |
|
0 |
|a Vegetarianism
|v Periodicals.
|
| 650 |
|
7 |
|a Vegetarianism.
|2 fast
|0 (OCoLC)fst01164896
|
| 650 |
|
2 |
|a Diet, Vegetarian.
|
| 655 |
|
0 |
|a Electronic journals.
|
| 776 |
1 |
|
|t Vegetarian times
|x 0164-8497
|w (DLC) 82640175
|w (OCoLC)4319263
|
| 780 |
0 |
5 |
|t Well-being
|g issue 42-
|
| 856 |
4 |
0 |
|z Full text available from Research Library: 10/01/1997 to 11/30/2016
|u https://search.proquest.com/publication/47282
|